00629nam a22001217a 4500008004100000082001700041100001800058245002900076260005600105300003400161505024000195650007200435180718b xxu||||| |||| 00| 0 eng d a759.6bP471j aPerucho, Juan aJoan Miró y Cataluña aBarcelona, EspañabEdiciones Poligrafa S.A.cs.f. a273 p.bill (col)c26 x 27 cm tEn el origen de lo creadotRaíz y esencia del arte de Joan MirótObra pictóricatMuralestEscultor y ceramistatInternacionalidad de Joan MirótCronología biográfica de Joan MirótÍndice de obrastBibliografía sumaria 2Arte modernoxArte - pinturaxPintores españoleszArte - España